Wszystkie państwa na literę A - Statystyki

Ogólne statystyki
  • Ten quiz został rozwiązany 61 razy
  • Średni wynik to 9 z 12
Statystyki odpowiedzi
Państwo % Poprawnych
Armenia
88%
Australia
87%
Albania
85%
Austria
83%
Andora
81%
Argentyna
81%
Afganistan
73%
Algieria
73%
Angola
73%
Arabia Saudyjska
71%
Azerbejdżan
71%
Antigua i Barbuda
54%
Nie znaleziono quizów pasujących do podanych kryteriów
Rozkład punktacji
Procent ludzi z każdym wynikiem
Percentyl według liczby udzielonych odpowiedzi
Twoja historia wyników
Nie rozwiązałeś tego quizu